000 01330cam a2200349 4500
001 1746510
003 OSt
005 20070627094740.0
008 710713m19711972enk s 001 0 eng
010 _a 75143999
015 _aB71-12247 (v. 1)
020 _a0333113691 (v. 1)
_a0333118073 (v. 2)
040 _aDLC
_cDLC
_dDLC
043 _ae-uk-en
_an-us-ny
050 0 0 _aHG173
_b.E46 1971
100 1 _aEinzig, Paul,
_d1897-1973.
245 1 0 _aParallel money markets/
_cPaul Einzig
260 _aLondon,
_bMacmillan;
_aNew York,
_bSt. Martin's Press,
_c1971-72.
300 _aix, 217 p.;
_c23 cm.
350 _a£4.00 (v. 1)
_a£4.95 (v. 2)
440 _vvol.1
500 _aincludes index
504 _aIncludes bibliographic references
505 0 _av. 1. The new markets in London.--v. 2. Overseas markets.
650 0 _aFinance.
650 0 _aFinance
_zEngland
_zLondon.
650 0 _aFinance
_zNew York (State)
_zNew York.
906 _a7
_bcbc
_corignew
_d3
_encip
_f19
_gy-gencatlg
942 _2lcc
_cBK
999 _c40029
_d40029